Housing Act 1988 (1) (2) (3) (4) (Record no. 16241)

MARC details
000 -LEADER
fixed length control field 00924cab a2200205 4500
001 - CONTROL NUMBER
control field ABS40486
008 - FIXED-LENGTH DATA ELEMENTS--GENERAL INFORMATION
fixed length control field 090401t1989 xxu||||| |||| 00| 0 eng d
035 ## - SYSTEM CONTROL NUMBER
System control number (Sirsi) u24236
041 ## - LANGUAGE CODE
Language code of text/sound track or separate title eng
100 ## - MAIN ENTRY--PERSONAL NAME
Personal name Rank, P.
245 ## - TITLE STATEMENT
Title Housing Act 1988 (1) (2) (3) (4)
260 ## - PUBLICATION, DISTRIBUTION, ETC.
Date of publication, distribution, etc. 1989
350 ## - PRICE (NR) (BK AM CF MU VM SE) [OBSOLETE]
Price 0
490 ## - SERIES STATEMENT
Series statement Solicitors` Journal
Volume/sequential designation 133(6) 10 February 1989, 168-172(5)
520 ## - SUMMARY, ETC.
Summary, etc. A series of four articles examining provisions of the Housing Act 1988 . The first covers changes relating to the security of tenure afforded to private residential tenancies created on or after 15 January. The second examines the practice of the new-style assured shorthold tenancy and the third and fourth consider the provisions concerning protection from eviction and landlords` repair ing obligations in short leases .
650 ## - SUBJECT ADDED ENTRY--TOPICAL TERM
Topical term or geographic name entry element ASSURED TENANCIES
690 ## - LOCAL SUBJECT ADDED ENTRY--TOPICAL TERM (OCLC, RLIN)
Topical term or geographic name as entry element Block management
9 (RLIN) 6220
942 ## - ADDED ENTRY ELEMENTS (KOHA)
Suppress in OPAC 0
948 ## - LOCAL PROCESSING INFORMATION (OCLC); SERIES PART DESIGNATOR (RLIN)
c (OCLC) 04/03/1997
Holdings
Withdrawn status Lost status Source of classification or shelving scheme Damaged status Not for loan Home library Current library Shelving location Date acquired Total Checkouts Full call number Barcode Date last seen Copy number Price effective from Koha item type
    Dewey Decimal Classification     London London Journal article 14/09/1999   ABS40486 24236-1001 06/08/2019 1 06/08/2019 Journal article